| 000 -CABECERA |
| Campo de control de longitud fija |
00839nam a22002297a 4500 |
| 008 - CAMPO FIJO DE DESCRIPCIÓN FIJA--INFORMACIÓN GENERAL |
| Campo de control de longitud fija |
230404b ||||| |||| 00| 0 eng d |
| 020 ## - ISBN (INTERNATIONAL STANDARD BOOK NUMBER) |
| ISBN |
9788419471185 |
| 040 ## - FUENTE DE CATALOGACIÓN |
| Agencia de catalogación original |
CDMR |
| 245 ## - MENCIÓN DE TÍTULO |
| Título |
Innovar en periodismo |
| Parte restante del título |
: de la desinformación al metaverso |
| Mención de responsabilidad, etc. |
/ José Francisco Serrano Oceja, Cristina Jaramillo Sánchez (editores) |
| 260 ## - PUBLICACIÓN, DISTRIBUCIÓN, ETC (PIE DE IMPRENTA) |
| Lugar de publicación, distribución, etc. |
Valencia : |
| Nombre del editor, distribuidor, etc. |
Tirant Lo Blanch, |
| Fecha de publicación, distribución, etc. |
2023 |
| 300 ## - DESCRIPCIÓN FÍSICA |
| Extensión |
344 pàgines |
| Dimensiones |
; 24 cm |
| 490 ## - MENCIÓN DE SERIE |
| Mención de serie |
Tirant humanidades |
| 650 #0 - ASIENTO SECUNDARIO DE MATERIA--TÉRMINO DE MATERIA |
| 9 (RLIN) |
3188 |
| Nombre de materia o nombre geográfico como elemento de entrada |
Premsa digital |
| 650 #0 - ASIENTO SECUNDARIO DE MATERIA--TÉRMINO DE MATERIA |
| 9 (RLIN) |
4286 |
| Nombre de materia o nombre geográfico como elemento de entrada |
Desinformació |
| 650 #0 - ASIENTO SECUNDARIO DE MATERIA--TÉRMINO DE MATERIA |
| 9 (RLIN) |
4829 |
| Nombre de materia o nombre geográfico como elemento de entrada |
Metavers |
| 650 #0 - ASIENTO SECUNDARIO DE MATERIA--TÉRMINO DE MATERIA |
| 9 (RLIN) |
3083 |
| Nombre de materia o nombre geográfico como elemento de entrada |
Competències professionals |
| 650 #0 - ASIENTO SECUNDARIO DE MATERIA--TÉRMINO DE MATERIA |
| 9 (RLIN) |
4722 |
| Nombre de materia o nombre geográfico como elemento de entrada |
Intel·ligència artificial |
| Subdivisión general |
Aspectes ètics i morals |
| 650 #0 - ASIENTO SECUNDARIO DE MATERIA--TÉRMINO DE MATERIA |
| 9 (RLIN) |
4834 |
| Nombre de materia o nombre geográfico como elemento de entrada |
Periodisme immersiu |
| 700 ## - ENCABEZAMIENTO SECUNDARIO--NOMBRE PERSONAL |
| 9 (RLIN) |
4832 |
| Nombre de persona |
Serrano Oceja, José Francisco |
| 700 ## - ENCABEZAMIENTO SECUNDARIO--NOMBRE PERSONAL |
| 9 (RLIN) |
4833 |
| Nombre de persona |
Jaramillo Sánchez, Cristina |
| 942 ## - ELEMENTOS KOHA |
| Fuente de clasificación o esquema de ordenación en estanterías |
|
| Koha tipo de item |
Monografies |